Statistiques concernant Harry Potter Couples

Cliquez ici pour prendre le quiz!

Statistiques générales

  • Ce quiz a été pris 285 fois
  • Le résultat moyen est 10 sur 11

Statistiques - réponses

Avec qui il ou elle est marié ?La personne% Correct
Harry PotterGinny Weasley
99%
Ron WeasleyHermione Granger
99%
Lily EvansJames Potter
94%
Bill WeasleyFleur Delacour
93%
Nymphadora TonksRemus Lupin
93%
Molly PrewettArthur Weasley
90%
Narcissa BlackLucius Malefoy
90%
George WeasleyAngelina Johnson
76%
Angelina JohnsonGeorge Weasley
75%
Astoria GreengrassDrago Malefoy
74%
Alice LongbottomFrank Londubat
70%

Distribution des résultats

Percentile par nombre de réponses

% des personnes avec chaque résultat

Votre développement - résultats

Vous n’avez pas pris ce quiz